000 00576cam a2200145 4500500
005 20251228073720.0
041 _afre
042 _adc
100 1 0 _aAgusta-Boularot, Sandrine
_eauthor
245 0 0 _aZanda Emanuela éd., Museo archeologico di Acqui Terme, La città, Alessandria, LineLab editore, 2002, 1 vol. 21 × 30, 78 p., fig. ds t.
260 _c2005.
500 _a4
786 0 _nRevue archéologique | 40 | 2 | 2005-09-01 | p. 365zb-437zb | 0035-0737
856 4 1 _uhttps://shs.cairn.info/revue-archeologique-2005-2-page-365zb?lang=fr&redirect-ssocas=7080
999 _c1595826
_d1595826